Ghost towns of Arizona, (Record no. 132)

MARC details
000 -LEADER
fixed length control field 00749cam a2200241 4500
005 - DATE AND TIME OF LATEST TRANSACTION
control field 20260322212007.0
008 - FIXED-LENGTH DATA ELEMENTS--GENERAL INFORMATION
fixed length control field data
010 ## - LIBRARY OF CONGRESS CONTROL NUMBER
LC control number 68031367
040 ## - CATALOGING SOURCE
Original cataloging agency DLC
Transcribing agency DLC
Modifying agency DLC
-- OCoLC
-- DLC
050 00 - LIBRARY OF CONGRESS CALL NUMBER
Classification number F811
Item number .S47
082 00 - DEWEY DECIMAL CLASSIFICATION NUMBER
Classification number 979.1/04
092 ## - LOCALLY ASSIGNED DEWEY CALL NUMBER (OCLC)
Classification number 979.1 S47
001 - CONTROL NUMBER
control field data
100 1# - MAIN ENTRY--PERSONAL NAME
Personal name Sherman, James E.
245 10 - TITLE STATEMENT
Title Ghost towns of Arizona,
Statement of responsibility, etc. James E. Sherman & Barbara H. Sherman.
250 ## - EDITION STATEMENT
Edition statement [1st ed.]
260 ## - PUBLICATION, DISTRIBUTION, ETC.
Place of publication, distribution, etc. Norman,
Name of publisher, distributor, etc. University of Oklahoma Press
Date of publication, distribution, etc. [1969]
300 ## - PHYSICAL DESCRIPTION
Extent x, 208 p.
Other physical details illus., facsims., maps, ports.
Dimensions 28 cm.
504 ## - BIBLIOGRAPHY, ETC. NOTE
Bibliography, etc. note Bibliography: p. 201-202.
650 #0 - SUBJECT ADDED ENTRY--TOPICAL TERM
Topical term or geographic name entry element Ghost towns
Geographic subdivision Arizona.
700 1# - ADDED ENTRY--PERSONAL NAME
Personal name Sherman, Barbara H.,
Relator term joint author.
856 41 - ELECTRONIC LOCATION AND ACCESS
Materials specified Table of contents
Uniform Resource Identifier <a href="http://www.loc.gov/catdir/toc/fy0601/68031367.html">http://www.loc.gov/catdir/toc/fy0601/68031367.html</a>
Holdings
Withdrawn status Lost status Damaged status Not for loan Home library Current library Shelving location Date acquired Total checkouts Full call number Barcode Date last seen Price effective from Koha item type
        Pleasant Valley Pleasant Valley General stacks 22/03/2026   979.1/04 BC0010136 22/03/2026 22/03/2026 Books